00839 a2200181 45000010006000000050017000060080041000230030015000640400040000790800130001192450051002492640040003003000019003405050246003590410008006051000027006137000017006403157720260407155620.0260407a1970 arg spa dAR-UNSa-BCEJYS aAR-UNSa-BCEJYSbspacAR-UNSa-BCEJYS a658.01xMetodología. Teoría y práctica de la organización( teoria de la organización, análisis organizacional...)10aLa administración y el comportamiento humano 1aMéxico :bEditora Técnicac1970 a177 p.c24 cm. a1. La administración: un enfoque de las ciencias del comportamiento - 2. Motivación y comportamiento - 3. Ambiente motivador - 4. El comportamiento directivo - 5. Determinación de la eficacia - 6. En busca de la eficacia organizacional aspa1 aBlanchard, Kennetth H.1 aHersey, Paul